| 000 | 00895nam a22002652a 4500 | ||
|---|---|---|---|
| 001 | 23406 | ||
| 003 | BD-RjUL | ||
| 005 | 20211209000927.0 | ||
| 008 | 140310s1935 enkabf 001 0 eng d | ||
| 035 |
_a(BD-RjUL)23471 _aOCLC ocm01666769 from D950403M |
||
| 040 |
_aDLC _cCIN _dEQO _dBD-RjUL _beng |
||
| 041 | _aeng | ||
| 082 | 0 | 0 |
_a634.909543 _bBEF 1935 |
| 100 | 1 |
_aBest, James William, _d1882- _972097 |
|
| 245 | 1 | 0 |
_aForest life in India / _cby James W. Best. |
| 250 | _a1st ed. | ||
| 260 |
_aLondon : _bJ. Murray, _c1935. |
||
| 300 |
_a316 p. : _billus., fold. map, 3 plates. _c22 cm. |
||
| 504 | _aIncludes bibliographical references and index. | ||
| 650 | 0 |
_aForests and forestry _zCentral Provinces (India). _972098 |
|
| 650 | 0 |
_aHunting _zCentral Provinces (India) _972099 |
|
| 651 | 0 |
_aMadhya Pradesh (India) _xDescription and travel _972100 |
|
| 942 |
_2ddc _cBK |
||
| 999 |
_c23406 _d23406 |
||